书目信息 |
| 题名: |
休克尔分子轨道模型及其应用
|
|
| 作者: | 博克 , 海尔布伦纳 著 ;王宗睦 , 陈荫遗 译 | |
| 分册: | 第二卷 习题及题解 | |
| 出版信息: | 北京 科学出版社 1982 |
|
| 页数: | 455页 | |
| 开本: | 21cm | |
| 丛书名: | ||
| 单 册: | ||
| 中图分类: | O641.12 | |
| 科图分类: | ||
| 主题词: | 休克尔分子轨道--应用 | |
| 电子资源: | ||
| ISBN: | ||
| 000 | 00984nam0 2200289 45 | |
| 001 | 0182005178 | |
| 005 | 20060811082852.68 | |
| 010 | @dCNY2.70 | |
| 091 | @a13031.1946 | |
| 100 | @a19950728f1982 em y0chiy0121 ea | |
| 101 | 1 | @achi@beng@cger |
| 102 | @aCN@b110000 | |
| 105 | @ay z 000yy | |
| 200 | 10 | @a休克尔分子轨道模型及其应用@Axiu ke er fen zi gui dao mo xing ji qi ying yong@h第二卷@i习题及题解@f(瑞士)E·海尔布伦纳,(西德)H·博克著@F(rui shi)E·hai er bu lun na,(xi de)H·bo ke zhu@g王宗睦,陈荫遗译 |
| 210 | @a北京@c科学出版社@d1982 | |
| 215 | @a455页@d21cm | |
| 510 | 1 | @aThe HMO Model and its Application@zeng |
| 517 | 1 | @a习题及题解@Axi ti ji ti jie |
| 606 | @a休克尔分子轨道@x应用 | |
| 690 | @aO641.12@v3 | |
| 701 | 0 | @a博克@Abo ke@4著 |
| 701 | 0 | @a海尔布伦纳@Ahai er bu lun na@4著 |
| 702 | 0 | @a王宗睦@Awang zong mu@4译 |
| 702 | 0 | @a陈荫遗@Achen yin yi@4译 |
| 801 | 0 | @aCN@b上海图书馆@c20060811 |
| 801 | 2 | @aCN@bNLC@c20060811 |
| 905 | @dO641.12@e14:2 | |
| 休克尔分子轨道模型及其应用.第二卷.习题及题解/(瑞士)E·海尔布伦纳,(西德)H·博克著/王宗睦,陈荫遗译.-北京:科学出版社,1982 |
| 455页;21cm |
| ISBN :CNY2.70 |
| ● |
| 相关链接 |
|
|
|
|
正题名:休克尔分子轨道模型及其应用
索取号:O641.12/14:2
 
预约/预借
| 序号 | 登录号 | 条形码 | 馆藏地/架位号 | 状态 | 备注 |
| 1 | 0454068 | 204540684 | 密集书库/ [索取号:O641.12/14:2] | 在馆 | |
| 2 | 0454069 | 204540693 | 密集书库/ [索取号:O641.12/14:2] | 在馆 |